000 00326nam a2200157Ia 4500
008 100204s9999 xx 000 0 und d
082 _b27330
100 _aCONNELLY MICHAEL
245 _aBLOOD WORK
250 _a0
260 _c2003
300 _a496
630 _aBLOOD WORK
730 _aBLOOD WORK
942 _cBOOK
999 _c472507
_d472504